00892nam a2200241Ia 450000100060000000300090000600800410001504000130005604000130006904100120008210000170009410000290011124500450014024500450018525000110023026000110024126000270025226000490027930000410032850002290036965000210059865000310061923435IT-RoPAU130308s9999 xx 000 0 und d aIT-RoPAU cIT-RoPAU aINGLESE aWalsh Martin gCodice Aut. SPICS: 7041 aBrechtian Aspect of Radical Cinema (The) bBrechtian Aspect Of Radical Cinema (The) a1a ed. aLONDON bBritish Film Institute c1981 [1° Ed.:1981 - Ed.Ling.Originale:1981] a"140 p. (prefazione: 4; testo: 136)" aEstetica Radicale del Cinema e Bertolt Brecht Aspetto Brechtiani del Cinema Radicale Film Happiness Formazione Politica nel Film di Jean Marie Straubhuillet Daniele Arnold Schoenberg Mose' e Aronne Saggi su Politica e Cinema aSAGGI SUL CINEMA eCodice materia Spics: 6811